| 000 | 01185cam a2200361 a 4500 | ||
|---|---|---|---|
| 001 | 22403 | ||
| 003 | SK-KTurca | ||
| 005 | 20260327152524.0 | ||
| 008 | 240226s1992 xo gr 000 f slo | ||
| 015 | _aSNBA1993/02 | ||
| 020 |
_a8090042287 _q(viazané) |
||
| 035 | _aSNK000013357 | ||
| 040 |
_aSNK _bslo _cSNK _eAACR2 |
||
| 041 | 1 |
_aslo _hger |
|
| 044 |
_axo _cSK |
||
| 072 | 7 |
_a821.112.2-3 _xNemecká próza, nemecky písaná _2konspekt |
|
| 080 |
_a830-3 _21997 |
||
| 080 |
_a821.112.2-31 _22011 |
||
| 080 |
_a(0:82-311.1) _22011 |
||
| 100 | 1 |
_aHellmann, Diana Beate, _d1957-2019 _4aut |
|
| 240 | 1 | 0 |
_aZwei Frauen _lSlovensky |
| 245 | 1 | 0 |
_aDve ženy _bbestseller _cDiana Beate Hellmannová ; z nemeckého originálu Zwei Frauen ... preložili Viera Juríčková a Silvia Smidová |
| 250 | _a1. vyd. | ||
| 260 |
_aBratislava _bMotýľ _c1992 |
||
| 300 |
_a366 strán _c21 cm |
||
| 655 | 7 |
_anemecké romány _2SNKPH |
|
| 655 | 7 |
_apsychologické romány _2SNKPH |
|
| 700 | 1 |
_aJuríčková, Viera, _d1938-2017 _4trl |
|
| 700 | 1 |
_aSmidová, Silvia, _d1947- _4trl |
|
| 942 |
_2ddc _cKLDO _n0 |
||
| 999 |
_c22403 _d22403 |
||